Регионална библиотека "Любен Каравелов" - Русе

Кораб на мечтите (Запис номер 66000)

MARC детайли
000 -Лидер
Контролно поле с фиксирана дължина 01247nam a2200337 c 4500
003 - Код на организацията, давaща контролен номер
Контролно поле BLK
005 - Дата и час на последна редакция
Контролно поле 20241104145346.0
008 - Елементи от данни с фиксирана дължина
fixed length control field 180408b bul|||||r ||||||| ||bul||
010 ## - Наследен системен номер
LC control number KNG00070286000
020 ## - Международен стандартен номер на книга ISBN
Международен стандартен номер на книга ISBN 954-701-186-3
-- издат.: Компас
040 ## - Източник на каталожния запис
Идентификатор на билиотеката - собственик на записа BLK
041 ## - Код за език
Код за езика на текст/звукозапис или на отделно заглавие Български
Код за езика КДБФ Български
080 ## - УДК
Текстов определител УДК Американска литература (на САЩ)
УДК код - определител по УДК 821.111(73)
УДК определител -31
УДК - код + определител 821.111(73)-31
100 1# - Редна дума - Автор
Автор Гулд, Джудит
Авторска отговорност първи автор
R(LIN) 242161
139 ## - Редно поле
Редна дума Гулд, Джудит
Авторски знак Гул - Г 92
245 10 - Сведения за заглавието
Заглавие Кораб на мечтите
Подзаглавни данни Роман
Редно поле (дума) Джудит Гулд; прев. Мария Костурова-Парашкевова.
257 ## - Страна на издаване
Страна на създаване/издаване Съединени американски щати
260 ## - Област на издателските данни
-- Варна
Име на издателя, разпространителя и проч. Компас
Година на издаване 2006
Печатница В. Търново : Абагар
300 ## - Физическа характеристика
Страници 384 с.
Размери/Мащаб 20 см
380 ## - Жанр
Жанр Худож. лит.
490 1# - СЕРИИ (Колекции)
Име на серия Избрани романи
500 ## - Общи забележки
Забележка Ориг. загл. Dream Boat / Judith Gould.
653 ## - Ключова дума – ненормативна
Ключова дума романи
700 1# - Други автори (авторска отговорност)
Лично име Костурова-Парашкевова, Мария
Автороска отговорност (Описва отношението между автора и произведението) прев.
9 (RLIN) 83327
852 ## - Местоположение
Форматна сигнатура Цб 230616
856 4# - Електронен адрес и достъп
Електронен формат pdf - файл
Път до файла /url/
856 4# - Електронен адрес и достъп
Електронен формат pdf - файл
Път до файла /url/
942 ## - АРТИКУЛИ
Вид на библиотечния материал Книги
Скрит в OPAC Не
Koha issues (borrowed), all copies 45
944 ## - СЪЗДАВАНЕ И РЕДАКЦИЯ на ЗАПИСА
Създаване/Редакция Създаване
Дата на регистрацията/редакция 28.12.2006
Статус, дата на статуса Русанова Ирена
Служител, извършил регистрацията/редакцията 30542
944 ## - СЪЗДАВАНЕ И РЕДАКЦИЯ на ЗАПИСА
Създаване/Редакция Редакция
Дата на регистрацията/редакция 19.02.2013
Статус, дата на статуса ф /
Служител, извършил регистрацията/редакцията
999 ## - СИСТЕМНИ КОНТРОЛНИ НОМЕРА
Koha biblionumber 66000
Koha biblioitemnumber 66000
Наличности
Код за отписване Код за изгубен артикул Код за повреда Коз за рестрикции Код за отдаване Артикулен № Име на библиотеката - собственик Име на библиотеката, в която се намира в момента Статус (Текущо местоположение) Дата на вписване в системата Местоположение - отдел Цена в лева Инвентарен номер Систематично азбучна сигнатура Баркод Номер на екземпляра Цена в евро Служебна бележка Служебен тип на артикула Източник на класификационната схема
  Не е изгубен Не е повреден без рестрикции ползва се в читалня 109058 Регионална библиотека "Любен Каравелов" Русе Регионална библиотека "Любен Каравелов" Русе Хранилище 2007-04-23 Хранилище 8.99 120000712684 Цб 230616 120000712684 1 4.60 Дост: Dp Вид: Д N: 42 Дата: 20.09.2006 Книги  
  Не е изгубен Не е повреден без рестрикции заемане за дома 109059 Регионална библиотека "Любен Каравелов" Русе Регионална библиотека "Любен Каравелов" Русе Заемна - подръчен фонд 2013-02-07 Заемна - подръчен фонд 8.99 120000763719 П 820(73)-31/Г 92 120000763719 2 4.60 Дост: DA Вид: А N: 1 Дата: 07.02.2013 Дата инв: 01.03.2018 Бележки инв: П2018 Книги Universal Decimal Classification
Изтеглен Не е изгубен Не е повреден без рестрикции заемане за дома 109060 Регионална библиотека "Любен Каравелов" Русе Регионална библиотека "Любен Каравелов" Русе Количка 2013-02-07 Заемна - подръчен фонд 8.99 120000763721 П 820(73)-31/Г 92 120000763721 3 4.60 Дост: DA Вид: А N: 1 Дата: 07.02.2013 Дата инв: 21.02.2018 Бележки инв: П2018 Книги Universal Decimal Classification
Vip Innovations Ltd, Rousse, Bulgaria 2025